Missing Word: Nonfiction Literature A-Z Quiz Stats

Quiz Updated Apr 13, 2015

Challenge
Share
Tweet
Embed
Score 0/24 Timer 04:00
0 Plays Today
Hint Answer % Correct
In ____ Blood - CapoteCold
96.9%
He's ____ Not That Into You - BehrendtJust
94.5%
Eat, ____, Love - GilbertPray
93.4%
The Diary of a ____ Girl - FrankYoung
89%
Bury My Heart At Wounded ____ - BrownKnee
88.5%
Angela's ____ - McCourtAshes
86.1%
____ with Scissors - BurroughsRunning
85.5%
A Brief History of ____ - HawkingTime
83.4%
How to Win Friends and ____ People - CarnegieInfluence
81.4%
____ and the Art of Motorcycle Maintenance - PirsigZen
71.7%
Fast Food ____ - Schlosser Nation
67.2%
The ____ Mystique - FriedanFeminine
61.9%
Hint Answer % Correct
A Walk in the ____ - BrysonWoods
54.3%
The ____ Kool-Aid Acid Test - WolfeElectric
52%
____ From Slavery - WashingtonUp
50.1%
Silent ____ - CarsonSpring
44.7%
The ____ Archipelago - SolzhenitsynGulag
44.4%
The ____ in the White City - LarsonDevil
35.6%
Slouching Towards ____ - DidionBethlehem
22.1%
The Immortal Life of Henrietta ____ - SklootLacks
22%
The ____ Dilemma - PollanOmnivore's
17.7%
A ____ of the Rights of Woman - WollstonecraftVindication
12.9%
____ to Catalonia - OrwellHomage
11.9%
The Emperor of All ____ - MukherjeeMaladies
11.3%

Today's Daily Dose

Word Ladder
Summertime

On This Day
June 23rd II

You're not logged in!

Compare scores with friends on all Sporcle quizzes.
Join for Free
OR
Log In

You Might Also Like...

Show Comments

Extras

Top Quizzes Today


Score Distribution

Your Account Isn't Verified!

In order to create a playlist on Sporcle, you need to verify the email address you used during registration. Go to your Sporcle Settings to finish the process.

Report this User

Report this user for behavior that violates our Community Guidelines.

Details: